MESTSKÁ KNIŽNICA GIRALTOVCE  - online katalóg 

Rusko-slovenský slovensko-ruský vreckový slovník (Record no. 19212)

000 -NÁVESTIE
fixed length control field 00694nam a2200241 a 4500
008 - ÚDAJE S PEVNOU DĹŽKOU – VŠEOBECNÉ INFORMÁCIE
fixed length control field 951122s1977||||[C 0 rus c
040 ## - ZDROJ KATALOGIZÁCIE
Pôvodná katalogizujúca agentúra SNK
Jazyk katalogizácie slo
Prepisujúca agentúra SNK
Konvencie popisu AACR2
041 1# - KÓD JAZYKA
Kód jazyka textu/zvukovej stopy alebo samostatných nápisov slo
Kód jazyka originálu a/alebo sprostredkujúcich prekladov textu rus
080 ## - ČÍSLO MEDZINÁRODNÉHO DESATINNÉHO TRIEDENIA (MDT)
Číslo Medzinárodného desatinného triedenia (MDT) 02+002(038)=82=854
080 ## - ČÍSLO MEDZINÁRODNÉHO DESATINNÉHO TRIEDENIA (MDT)
Číslo Medzinárodného desatinného triedenia (MDT) 002(038)=82=854
080 ## - ČÍSLO MEDZINÁRODNÉHO DESATINNÉHO TRIEDENIA (MDT)
Číslo Medzinárodného desatinného triedenia (MDT) 002(038)=82=854
080 ## - ČÍSLO MEDZINÁRODNÉHO DESATINNÉHO TRIEDENIA (MDT)
Číslo Medzinárodného desatinného triedenia (MDT) 801.316.4
080 ## - ČÍSLO MEDZINÁRODNÉHO DESATINNÉHO TRIEDENIA (MDT)
Číslo Medzinárodného desatinného triedenia (MDT) 02
080 ## - ČÍSLO MEDZINÁRODNÉHO DESATINNÉHO TRIEDENIA (MDT)
Číslo Medzinárodného desatinného triedenia (MDT) 002(038)=82=854
044 ## - KÓD KRAJINY VYDAVATEĽA/PRODUCENTA
Kód krajiny MARC xo
Kód krajiny ISO SK
020 ## - MEDZINÁRODNÉ ŠTANDARDNÉ ČÍSLO KNIHY (ISBN)
Údaje o dostupnosti 29
100 1# - OSOBNÉ MENÁ – VŠEOBECNÉ INFORMÁCIE
Kód roly aut
Osobné meno Filkusová, M.
245 10 - NÁZOV
Názov Rusko-slovenský slovensko-ruský vreckový slovník
Údaj o zodpovednosti atď. Viera Šimová, Marta Nálevková ; Ján Andel
260 ## - VYDAVATEĽSKÉ ÚDAJE, DISTRIBÚCIA ATĎ.
Dátum publikovania, distribúcie atď. 1977
Miesto výroby Martin
Výrobca Tlačiarne SNP
Názov vydavateľa, distibútora atď. SPN
Miesto publikovania, distribúcie atď. Bratislava
700 1# - PRIDANÝ VSTUP – OSOBNÉ MENO
Osobné meno Nálevková, Marta
Kód roly aut
700 1# - PRIDANÝ VSTUP – OSOBNÉ MENO
Osobné meno Andel, Ján
Kód roly bkd
958 ## - Formálny deskriptor
Formálny deskriptor A
Holdings
Stav stiahnutia (Blokovanie) (Withrawn status) Stav straty Zdroj klasifikácie pre skladovanie Stav poškodenia (Damaged status) Nie pre výpožičky (Not for loan) Spôsob nadobudnutia (Collection code) Trvalé umiestnenie Aktuálne umiestnenie Dátum nadobudnutia Náklady, bežná kúpna cena Inventárne číslo (prírastkové číslo) Celkom výpožičky Full call number Čiarový kód Dátum posledného výskytu Dátum poslednej výpôžičky Cena s účinnosťou od Typ jednotky Koha
          Kúpa Mestská knižnica Giraltovce Mestská knižnica Giraltovce 2019-11-29 29.00 17763 1 I1420 I1420 2021-05-24 2020-01-24 2019-11-29 Odborná literatúra pre dospelých

Powered by Koha